Návrh opatrení na zlepšenie využitia vybraných marketingových aktivít na podporu budovania značky v DCA Industry, s. r. o.

Guardado en:
Detalles Bibliográficos
Autor principal: Ilončiaková, Veronika (Autor)
Otros Autores: Prajová, Vanessa (Orientador)
Formato: Manuscrito Libro
Lenguaje:eslovaco
Publicado: 2018
Materias:
Acceso en línea:http://is.stuba.sk/zp/portal_zp.pl?podrobnosti=137768
Etiquetas: Agregar Etiqueta
Sin Etiquetas, Sea el primero en etiquetar este registro!

MARC

LEADER 00000ntm a22000003a 4500
001 stuzp67383
003 SK-STU
005 20180820154532.8
007 ta
008 150427s2015----xo-----f-mn---000-0-slo-d
040 |a STU  |b slo 
041 0 |a slo 
100 1 |a Ilončiaková, Veronika  |u 064000  |4 aut  |U MTF Materiálovotechnologická fakulta  |T MTF Ústav priemyselného inžinierstva a manažmentu  |X 80190  |U M4000  |Y 84  |7 80190 
242 0 1 |a Proposal for measures to improve the use of selected marketing activities to support brand building in DCA Industry, Ltd.  |y eng 
245 1 0 |a Návrh opatrení na zlepšenie využitia vybraných marketingových aktivít na podporu budovania značky v DCA Industry, s. r. o. 
260 |c 2018 
650 4 |a communication policy  |2 eng 
650 4 |a distribution policy  |2 eng 
650 4 |a pricing policy  |2 eng 
650 4 |a marketing mix  |2 eng 
650 4 |a marketing  |2 eng 
650 4 |a product policy  |2 eng 
650 4 |a product  |2 eng 
650 4 |a market  |2 eng 
650 4 |a komunikačná politika  |2 slo 
650 4 |a distribučná politika  |2 slo 
650 4 |a cenová politika  |2 slo 
650 4 |a produktová politika  |2 slo 
650 4 |a produkt  |2 slo 
650 4 |a trh  |2 slo 
650 4 |a marketingový mix  |2 slo 
650 4 |a marketing  |2 slo 
700 1 |a Prajová, Vanessa  |u 064000  |k Z2  |4 ths  |U MTF Materiálovotechnologická fakulta  |T MTF Ústav priemyselného inžinierstva a manažmentu  |X 47651  |U M4000  |Y 84  |7 A000047651 
856 4 |u http://is.stuba.sk/zp/portal_zp.pl?podrobnosti=137768 
996 |c M* BP-8472  |l MMSKP  |s P  |a 0  |w stuzp67383_0001